000
00263nam a2200133Ia 4500
100
_a
Currice R.M.
942
_c
BK
654
_a
work study.
245
_a
Work Study.
260
_b
Pitman &sons
_c
2001
082
_a
658.542
300
_a
251
546
_a
ENGLISH
999
_c
31423
_d
31423